La Sociedad cubana: retos y transformaciones /
Uloženo v:
| Korporace: | , |
|---|---|
| Médium: | Text |
| Vydáno: |
La Habana:
Ciencias Sociales
|
| Témata: | |
| Tagy: |
Přidat tag
Žádné tagy, Buďte první, kdo vytvoří štítek k tomuto záznamu!
|
MARC
| LEADER | 00000 a a2200000 04500 | ||
|---|---|---|---|
| 001 | 30051 | ||
| 003 | |||
| 040 | |||
| 020 | |a 959-06-0623-7 | ||
| 090 | |a 193500 | ||
| 110 | |a CiPS | ||
| 245 | |a La Sociedad cubana: retos y transformaciones / |c CiPS | ||
| 260 | |a La Habana: |b Ciencias Sociales | ||
| 300 | |a 159 p. | ||
| 650 | |a DESARROLLO HUMANO | ||
| 650 | |a BIENESTAR SOCIAL | ||
| 650 | |a MOVILIDAD SOCIAL | ||
| 650 | |a ESTRUCTURA SOCIAL | ||
| 650 | |a CAMBIO SOCIAL | ||
| 650 | |a JUVENTUD | ||
| 650 | |a ENVEJECIMIENTO DE LA POBLACION | ||
| 650 | |a PROTECCION AMBIENTAL | ||
| 650 | |a ESTRUCTURA SOCIAL | ||
| 650 | |a OCUPACIONES | ||
| 650 | |a POBLACION OCUPADA | ||
| 650 | |a JUVENTUD | ||
| 650 | |a PARTICIPACION POLITICA | ||
| 710 | |a Centro de Investigaciones Psicológicas y Sociológicas | ||
| 999 | |c 15756 |d 15756 | ||



